History Quiz

Random History or Century Quiz

20th Century: '30s or '40s? Quiz Stats

 Plays Quiz Updated Jun 13, 2017

Support Sporcle.
Go Orange.
Score 0/30 Timer 05:00
3 Plays Today
Event (3)0s or (4)0s % Correct
Adolf Hitler became chancellor of Germany???
95.8%
Attack on Pearl Harbor???
95.7%
Nuremberg Trials began???
91.5%
'King Kong' movie released???
88.3%
German airship 'Hindenburg' disaster???
85.6%
Franklin D. Roosevelt elected for the first time???
84.8%
Yalta Conference???
83.8%
Alcatraz Prison opened in San Francisco???
83.1%
Jesse Owens won four Olympic gold medals???
81.7%
Nazis revoke German citizenship for all Jews???
78.7%
Golden Gate Bridge opened???
76.2%
Louis Réard introduced the modern bikini???
75.1%
Al Capone found guilty of tax evasion???
73.9%
Indian Independence Act???
70.7%
'Mickey Mouse' appeared in his first color animation???
67.8%
Event (3)0s or (4)0s % Correct
Glenn Miller disappeared over the English Channel???
64.7%
Judy Garland performed 'Over the Rainbow'???
64.6%
'It's a Wonderful Life' movie released???
64.3%
John Steinbeck published 'The Grapes of Wrath'???
63.5%
Gene Autry released 'Blueberry Hill'???
61%
Frank Sinatra recorded his first album???
60.6%
Iceland ended Union with Denmark; became a republic???
58%
'Fantasia' movie released by Disney???
56.7%
Orson Welles aired 'War of the Worlds' on CBS???
55.1%
Astrid Lindgren published 'Pippi Longstocking'???
53.1%
J.R.R. Tolkien published 'The Hobbit'???
48.1%
'Mutiny on the Bounty' movie released???
45.8%
Kon-Tiki expedition across the Pacific Ocean???
45.4%
Saint-Exupéry published 'The Little Prince'???
44.8%
'Slinky' toy invented???
41.4%

You're not logged in!

Compare scores with friends on all Sporcle quizzes.
OR
Log In
Forgot?

From the Vault

Beginning Song Titles II

by MovieGuru

Song titles are just the beginning...
Remove Ads.
Support Sporcle.
Get the best of Sporcle when you Go Orange. This ad-free experience offers more features, more stats, and more fun while also helping to support Sporcle. Thank you for becoming a member.

Show Comments

Extras

Top Quizzes Today


Score Distribution

Your Account Isn't Verified!

In order to create a playlist on Sporcle, you need to verify the email address you used during registration. Go to your Sporcle Settings to finish the process.

Report this User

Report this user for behavior that violates our Community Guidelines.

Details: